George Harrison Discography - Statistics

General Stats
  • This quiz has been taken 47 times
  • The average score is 50 of 147
Answer Stats
Year Album Song % Correct
1970 All Things Must Pass All Things Must Pass
89%
1970 All Things Must Pass My Sweet Lord
87%
1970 All Things Must Pass Wah-Wah
87%
1987 Cloud Nine Cloud 9
74%
1970 All Things Must Pass Isn't It a Pity (Version One)
74%
1970 All Things Must Pass Isn't It a Pity (Version Two)
74%
1974 Dark Horse Dark Horse
71%
1970 All Things Must Pass I'd Have You Anytime
71%
1981 Somewhere in England All Those Years Ago
68%
1970 All Things Must Pass Apple Scruffs
68%
1976 Thirty Three & 1/3 Crackerbox Palace
68%
1979 George Harrison Here Comes the Moon
68%
1973 Living in the Material World Living in the Material World
68%
1970 All Things Must Pass What Is Life
68%
1973 Living in the Material World Give Me Love (Give Me Peace on Earth)
66%
1975 Extra Texture (Read All About It) You
66%
1970 All Things Must Pass Beware of Darkness
63%
1987 Cloud Nine Got My Mind Set on You
63%
1970 All Things Must Pass Behind That Locked Door
61%
2002 Brainwashed Brainwashed
61%
1970 All Things Must Pass I Dig Love
61%
1970 All Things Must Pass Ballad of Sir Frankie Crisp (Let It Roll)
58%
1970 All Things Must Pass Hear Me Lord
58%
1970 All Things Must Pass If Not For You
58%
1987 Cloud Nine When We Was Fab
58%
1979 George Harrison Blow Away
55%
1970 All Things Must Pass It's Johnny's Birthday
55%
1976 Thirty Three & 1/3 This Song
55%
2002 Brainwashed Any Road
53%
1971 Singles Bangla Desh
53%
1982 Gone Troppo Gone Troppo
53%
1979 George Harrison Faster
50%
1970 All Things Must Pass Let It Down
50%
1979 George Harrison Love Comes to Everyone
50%
1973 Living in the Material World Sue Me, Sue You Blues
50%
1970 All Things Must Pass Art of Dying
47%
1974 Dark Horse Ding Dong, Ding Dong
47%
1970 All Things Must Pass Thanks for the Pepperoni
47%
1987 Cloud Nine Devil's Radio
45%
1987 Cloud Nine Fish on the Sand
45%
1974 Dark Horse Hari's on Tour (Express)
45%
2002 Brainwashed Marwa Blues
45%
1970 All Things Must Pass Run of the Mill
45%
1975 Extra Texture (Read All About It) This Guitar (Can't Keep from Crying)
45%
1970 All Things Must Pass Awaiting on You All
42%
1973 Living in the Material World Be Here Now
42%
1974 Dark Horse Bye Bye, Love
42%
1982 Gone Troppo Dream Away
42%
1974 Dark Horse Far East Man
42%
1987 Cloud Nine This Is Love
42%
1975 Extra Texture (Read All About It) A Bit More of You
39%
1970 All Things Must Pass I Remember Jeep
39%
1974 Dark Horse Māya Love
39%
1973 Singles Miss O'Dell
39%
2002 Brainwashed Pisces Fish
39%
1974 Dark Horse Simply Shady
39%
1979 George Harrison Soft-Hearted Hana
39%
1973 Living in the Material World The Light That Has Lighted the World
39%
1973 Living in the Material World The Lord Loves the One (That Loves the Lord)
39%
1987 Cloud Nine Wreck of the Hesperus
39%
2002 Brainwashed Between the Devil and the Deep Blue Sea
37%
1979 George Harrison Dark Sweet Lady
37%
1982 Gone Troppo Greece
37%
1976 Thirty Three & 1/3 It's What You Value
37%
2002 Brainwashed Rising Sun
37%
2002 Brainwashed Stuck Inside a Cloud
37%
1973 Living in the Material World That Is All
37%
1973 Living in the Material World Try Some, Buy Some
37%
1973 Living in the Material World Who Can See It
37%
1981 Somewhere in England Blood from a Clone
34%
1974 Dark Horse It Is 'He' (Jai Sri Krishna)
34%
1970 All Things Must Pass Plug Me In
34%
1973 Living in the Material World The Day the World Gets 'Round
34%
1976 Thirty Three & 1/3 Beautiful Girl
32%
1975 Extra Texture (Read All About It) Can't Stop Thinking About You
32%
1982 Gone Troppo Circles
32%
1973 Living in the Material World Don't Let Me Wait Too Long
32%
1975 Extra Texture (Read All About It) His Name Is Legs (Ladies and Gentlemen)
32%
1981 Somewhere in England Hong Kong Blues
32%
1979 George Harrison Not Guilty
32%
2002 Brainwashed P2 Vatican Blues (Last Saturday Night)
32%
1975 Extra Texture (Read All About It) The Answer's at the End
32%
1975 Extra Texture (Read All About It) Tired of Midnight Blue
32%
1982 Gone Troppo Wake Up My Love
32%
1981 Somewhere in England Baltimore Oriole
29%
1971 Singles Deep Blue
29%
1968 Wonderwall Music Microbes
29%
1970 All Things Must Pass Out of the Blue
29%
1981 Somewhere in England Save the World
29%
1981 Somewhere in England Unconsciousness Rules
29%
2002 Brainwashed Rocking Chair in Hawaii
26%
1981 Somewhere in England Teardrops
26%
1982 Gone Troppo That's the Way It Goes
26%
1976 Thirty Three & 1/3 True Love
26%
1969 Electronic Sound Under the Mersey Wall
26%
1989 Singles Cheer Down
24%
1976 Thirty Three & 1/3 Dear One
24%
1982 Gone Troppo I Really Love You
24%
2002 Brainwashed Never Get Over You
24%
1987 Cloud Nine Someplace Else
24%
1974 Dark Horse So Sad
24%
1975 Extra Texture (Read All About It) World of Stone
24%
1975 Extra Texture (Read All About It) Grey Cloudy Lies
21%
1979 George Harrison If You Believe
21%
1987 Cloud Nine Just for Today
21%
1976 Thirty Three & 1/3 See Yourself
21%
1987 Cloud Nine That's What It Takes
21%
1985 Singles I Don't Want to Do It
18%
1976 Thirty Three & 1/3 Learning How to Love You
18%
1981 Somewhere in England Life Itself
18%
1976 Thirty Three & 1/3 Pure Smokey
18%
1979 George Harrison Soft Touch
18%
1987 Cloud Nine Breath Away from Heaven
16%
1982 Gone Troppo Mystical One
16%
2002 Brainwashed Run So Far
16%
1981 Somewhere in England That Which I Have Lost
16%
1987 Singles Zig Zag
16%
1968 Wonderwall Music Dream Scene
13%
1982 Gone Troppo Unknown Delight
13%
1976 Thirty Three & 1/3 Woman Don't You Cry for Me
13%
1981 Somewhere in England Writing's on the Wall
13%
1979 George Harrison Your Love Is Forever
13%
1982 Gone Troppo Baby Don't Run Away
11%
1974 Singles I Don't Care Anymore
11%
2002 Brainwashed Looking for My Life
11%
1975 Extra Texture (Read All About It) Ooh Baby (You Know That I Love You)
11%
1968 Wonderwall Music Red Lady Too
11%
1969 Electronic Sound No Time or Space
8%
1989 Singles Poor Little Girl
8%
1968 Wonderwall Music Ski-ing
5%
1968 Wonderwall Music Wonderwall to Be Here
5%
1968 Wonderwall Music Cowboy Music
3%
1968 Wonderwall Music Crying
3%
1968 Wonderwall Music Drilling a Home
3%
1968 Wonderwall Music Gat Kirwani
3%
1968 Wonderwall Music In the Park
3%
1968 Wonderwall Music On the Bed
3%
1968 Wonderwall Music Party Seacombe
3%
1968 Wonderwall Music Singing Om
3%
1968 Wonderwall Music Fantasy Sequins
0%
1968 Wonderwall Music Glass Box
0%
1968 Wonderwall Music Greasy Legs
0%
1968 Wonderwall Music Guru Vandana
0%
1987 Singles Lay His Head
0%
1968 Wonderwall Music Love Scene
0%
1985 Singles Queen of the Hop
0%
1968 Wonderwall Music Tabla and Pakavaj
0%
No matching quizzes found
Score Distribution
Percent of People with Each Score
Percentile by Number Answered
Your Score History
You have not taken this quiz